[Event "Cairo op"]
[Site "Cairo"]
[Date "1996.??.??"]
[Round "8"]
[White "Fatehy, Alamir"]
[Black "El Assiouti, Sheriff"]
[Result "1/2-1/2"]
[WhiteElo "2020"]
[BlackElo "2265"]
[PlyCount "37"]
[EventDate "1996.??.??"]
[EventType "swiss"]
[EventRounds "10"]
[EventCountry "EGY"]
[SourceTitle "EXT 1998"]
[Source "ChessBase"]
[SourceDate "1997.11.17"]
[SourceVersion "1"]
[SourceVersionDate "1997.11.17"]
[SourceQuality "1"]

1. d4 Nf6 2. Bg5 d5 3. Bxf6 exf6 4. e3 c6 5. c4 dxc4 6. Bxc4 Be7 7. Ne2 0-0 8. 0-0 f5 9. Nbc3 Nd7 10. Rb1 Nb6 11. Bd3 a5 12. a3 g6 13. Qc2 Be6 14. Nf4 Bc4 15. Bxc4 Nxc4 16. Qe2 Nb6 17. Rfd1 Bd6 18. Nd3 Qe7 19. Qc2 1/2-1/2

[Event "Olympiad-31"]
[Site "Moscow"]
[Date "1994.12.03"]
[Round "3.3"]
[White "Tisdall, Jonathan D"]
[Black "El Assiouti, Sheriff"]
[Result "1-0"]
[WhiteElo "2465"]
[BlackElo "2285"]
[PlyCount "63"]
[EventDate "1994.12.01"]
[EventType "team-swiss"]
[EventRounds "14"]
[EventCountry "RUS"]
[SourceTitle "CBM 045"]
[Source "ChessBase"]
[SourceDate "1995.04.01"]
[SourceVersion "1"]
[SourceVersionDate "1995.04.01"]
[SourceQuality "1"]
[WhiteTeam "Norway"]
[BlackTeam "Egypt"]
[WhiteTeamCountry "NOR"]
[BlackTeamCountry "EGY"]

1. d4 d5 2. c4 c6 3. Nc3 Nf6 4. Nf3 e6 5. Bg5 Nbd7 6. cxd5 exd5 7. e3 Be7 8. Qc2 0-0 9. Bd3 Re8 10. 0-0 Ne4 11. Bxe4 dxe4 12. Nxe4 Nf8 13. Bxe7 Qxe7 14. Ng3 g6 15. Rfe1 Be6 16. Ne5 Rac8 17. Qa4 c5 18. Qxa7 cxd4 19. exd4 Bd5 20. Qa5 Qd6 21. Ng4 Rxe1+ 22. Rxe1 Nd7 23. Nh6+ Kf8 24. Nhf5 gxf5 25. Nxf5 Qf4 26. Qxd5 Rc1 27. Rf1 Rxf1+ 28. Kxf1 Qc1+ 29. Ke2 Qxb2+ 30. Kf3 Qc3+ 31. Ne3 Nf6 32. Qe5 1-0

[Event "Doha op"]
[Site "Doha"]
[Date "1992.??.??"]
[Round "2"]
[White "El Assiouti, Sheriff"]
[Black "Kadhi, Hameed Mansour Ali"]
[Result "1/2-1/2"]
[WhiteElo "2385"]
[BlackElo "2295"]
[PlyCount "47"]
[EventDate "1992.??.??"]
[EventType "swiss"]
[EventRounds "11"]
[EventCountry "QAT"]
[SourceTitle "EXT 1997"]
[Source "ChessBase"]
[SourceDate "1996.11.15"]
[SourceVersion "1"]
[SourceVersionDate "1996.11.15"]
[SourceQuality "1"]

1. d4 Nf6 2. Nf3 g6 3. c4 Bg7 4. Nc3 d5 5. Bg5 Ne4 6. cxd5 Nxg5 7. Nxg5 c6 8. e3 e6 9. Nf3 cxd5 10. Rc1 0-0 11. Be2 Nc6 12. 0-0 Re8 13. a3 Bd7 14. b4 Qe7 15. Qb3 Rec8 16. Na4 Nd8 17. Nc5 Be8 18. Rc2 Rc7 19. Rfc1 Rac8 20. h3 f6 21. Ne1 Nf7 22. Bg4 f5 23. Be2 Nd6 24. Nf3 1/2-1/2